<?xml version="1.0" encoding="UTF-8"?>
<marc:record xmlns:marc="http://www.loc.gov/MARC21/slim">
   <marc:leader>00000nam a2200000 a 4500</marc:leader>
   <marc:datafield ind1="1" ind2=" " tag="100">
      <marc:subfield code="a">Findlay, Rhiannon</marc:subfield>
      <marc:subfield code="4">aut</marc:subfield>
      <marc:subfield code="e">Verfasser/-in</marc:subfield>
   </marc:datafield>
   <marc:datafield ind1="0" ind2="0" tag="245">
      <marc:subfield code="a">Bitte nicht wecken ... hier schläft ein Pirat!</marc:subfield>
   </marc:datafield>
   <marc:datafield ind1=" " ind2="1" tag="264">
      <marc:subfield code="b">Magellan</marc:subfield>
      <marc:subfield code="c">2026</marc:subfield>
   </marc:datafield>
   <marc:datafield ind1="1" ind2=" " tag="520">
      <marc:subfield code="a">Oh Schreck, Hund Wuff ist weg! Wo kann der kleine Strolch nur sein? Beim Segelstrand? Beim Schatz-im-Sand? Komm und hilf mit, den Ausreißer zu finden und nach Hause zu bringen. Doch Vorsicht, denn unterwegs treffen wir nicht nur funkelnde Feen und freundliche Meerjungfrauen, sondern auch – ARRRR – einen Piraten, der BITTE NICHT geweckt werden darf ...
(Quelle: Verlagstext)</marc:subfield>
   </marc:datafield>
   <marc:datafield ind1=" " ind2=" " tag="020">
      <marc:subfield code="a">9783734821967</marc:subfield>
      <marc:subfield code="9">9783734821967</marc:subfield>
   </marc:datafield>
</marc:record>
